000 00735cam a22002533a 4500
001 7052
003 PGUSA
005 20140828083140.0
008 041201s2004||||xxu|||||s|||||000 1 eng d
040 _aPGUSA
_beng
042 _adc
050 4 _aPS
100 1 _aBellamy, Edward,
_d1850-1898
245 1 0 _aDr. Heidenhoff's Process
_h[electronic resource] /
_cEdward Bellamy
260 _bProject Gutenberg,
_c2004
506 _aPublic domain in the USA.
516 _aElectronic text
653 _aThought and thinking -- Fiction
653 _aHuman experimentation in psychology -- Fiction
653 _aScience fiction
830 0 _aProject Gutenberg
_v7052
856 4 0 _uhttp://www.gutenberg.org/ebooks/7052
942 _cEB
999 _c236372
_d236372